[Event "Saint Quentin 2005"]
[Site "Elancourt"]
[Date "2005.04.29"]
[Round "8.5"]
[White "D'Avout d'Averstaedt, Geoffroy"]
[Black "Hadet, Emmanuel"]
[Result "1-0"]
[WhiteElo "2032"]
[BlackElo "2030"]
[PlyCount "104"]
[EventDate "2005.04.??"]

1. d4 Nf6 2. Nf3 d5 3. e3 g6 4. Bd3 b6 5. O-O Bg7 6. Nbd2 Bb7 7. Ne5 O-O 8. b3
Nbd7 9. Bb2 Ne4 10. f3 Nxd2 11. Qxd2 f6 12. Ng4 f5 13. Ne5 Nxe5 14. dxe5 c5 15.
f4 e6 16. Be2 Qe7 17. Bf3 Rfd8 18. g3 a5 19. a4 Rd7 20. Rfd1 Qd8 21. Bg2 Qc7
22. e4 fxe4 23. Bxe4 Rad8 24. Bg2 d4 25. Bxb7 Qxb7 26. Qd3 Qc6 27. Rd2 Bf8 28.
Rad1 Rd5 29. Qc4 Qc7 30. Bxd4 Qb7 31. Be3 Rxd2 32. Rxd2 Rxd2 33. Bxd2 Qf3 34.
Qf1 Qd5 35. Qd3 Kf7 36. Qxd5 exd5 37. Be3 d4 38. Bf2 Ke6 39. Kg2 Kd5 40. Kf3 c4
41. bxc4+ Kxc4 42. Ke4 Bc5 43. g4 b5 44. e6 bxa4 45. Bxd4 a3 46. Ba1 Bb4 47. f5
gxf5+ 48. gxf5 a2 49. f6 Bc3 50. e7 Bxa1 51. e8=Q Bxf6 52. Qc8+ Kb5 1-0

[Event "Saint Quentin 2005"]
[Site "Elancourt"]
[Date "2005.04.29"]
[Round "8.6"]
[White "Legrix, Jean-Marie"]
[Black "Benier, Adrien"]
[Result "1/2-1/2"]
[WhiteElo "1976"]
[BlackElo "1970"]
[PlyCount "46"]
[EventDate "2005.04.??"]

1. d4 e6 2. Nf3 d5 3. e3 f5 4. Bd3 Nf6 5. O-O Bd6 6. c4 c6 7. b3 O-O 8. Bb2 Ne4
9. Nbd2 Rf6 10. Re1 Rh6 11. Nf1 Nd7 12. Rc1 Ndf6 13. Ne5 Bd7 14. Qe2 Be8 15. c5
Bc7 16. b4 Bh5 17. f3 Nd7 18. Qc2 Nxe5 19. dxe5 Ng5 20. Qf2 Bxf3 21. h4 Rxh4
22. Qxh4 Be4 23. Nd2 Bxd3 1/2-1/2

[Event "Saint Quentin 2005"]
[Site "Elancourt"]
[Date "2005.04.29"]
[Round "8.7"]
[White "Labarthe, Arnaud"]
[Black "Mahe, Romain"]
[Result "0-1"]
[WhiteElo "2034"]
[BlackElo "1970"]
[PlyCount "118"]
[EventDate "2005.04.??"]

1. d4 d5 2. c4 Bf5 3. cxd5 Bxb1 4. Qa4+ c6 5. Rxb1 Qxd5 6. f3 Nf6 7. Nh3 Nbd7
8. e4 Nb6 9. exd5 Nxa4 10. dxc6 bxc6 11. Ba6 Rb8 12. O-O Rb6 13. Bc4 Nc3 14.
Ra1 Ncd5 15. Nf4 e6 16. Nd3 Nb4 17. Nxb4 Bxb4 18. a3 Be7 19. b3 Nd5 20. Bd2 c5
21. Bxd5 exd5 22. Rac1 Rc6 23. Rfe1 Kd7 24. Bb4 cxb4 25. Rxc6 Kxc6 26. Rxe7
bxa3 27. Rxa7 Kb6 28. Rxa3 Rc8 29. Ra2 Rc7 30. Kf2 Kb5 31. Ra4 g6 32. Kg3 f6
33. h4 Re7 34. Kf2 Kb6 35. Ra8 f5 36. Rb8+ Kc7 37. Ra8 Kb7 38. Ra5 Kc6 39. Rc5+
Kd6 40. Rc3 Rb7 41. Kg3 Rb4 42. Rd3 Ke6 43. Kf4 Kf6 44. Ke3 g5 45. hxg5+ Kxg5
46. g3 h5 47. Kd2 f4 48. gxf4+ Kxf4 49. Kc3 Rb8 50. b4 h4 51. Rd1 h3 52. Kb3 h2
53. Ka4 Rh8 54. Rh1 Kxf3 55. Kb5 Kg2 56. Rxh2+ Rxh2 57. Kc6 Rh5 58. b5 Kf3 59.
b6 Ke4 0-1

[Event "Saint Quentin 2005"]
[Site "Elancourt"]
[Date "2005.04.29"]
[Round "8.8"]
[White "Hedjazian, Navid"]
[Black "Oger, Claude"]
[Result "1-0"]
[WhiteElo "1954"]
[BlackElo "2008"]
[PlyCount "63"]
[EventDate "2005.04.??"]

1. e4 c5 2. c3 e6 3. d4 d5 4. exd5 exd5 5. Nf3 Nf6 6. Nbd2 Nc6 7. Bb5 Bd6 8.
dxc5 Bxc5 9. Nb3 Bd6 10. Nbd4 Bd7 11. O-O O-O 12. h3 Ne4 13. Qb3 Nxd4 14. Nxd4
Be6 15. Be3 Qh4 16. Nf3 Qh5 17. Be2 Qg6 18. Nh4 Qf6 19. Nf3 b6 20. Rad1 Rad8
21. Qa4 Bb8 22. Qd4 Qe7 23. Ne5 Qb7 24. Bf3 f6 25. Nd3 Ng5 26. Bg4 Bf7 27. Bf5
g6 28. Qxf6 Ne4 29. Bxe4 Rd6 30. Bxd5 Rxd5 31. Bh6 Be6 32. Qxe6+ 1-0

[Event "Saint Quentin 2005"]
[Site "Elancourt"]
[Date "2005.04.29"]
[Round "8.9"]
[White "Boussaha, Bilal"]
[Black "Duval, Sylvain"]
[Result "1/2-1/2"]
[WhiteElo "1877"]
[BlackElo "2006"]
[PlyCount "29"]
[EventDate "2005.04.??"]

1. e4 c5 2. c3 d5 3. exd5 Qxd5 4. d4 e6 5. Nf3 Nc6 6. Be3 cxd4 7. cxd4 Bb4+ 8.
Nc3 Nf6 9. a3 Bxc3+ 10. bxc3 O-O 11. Bd3 b6 12. O-O Bb7 13. c4 Qd7 14. Qe2 Rad8
15. Rad1 1/2-1/2

[Event "Saint Quentin 2005"]
[Site "Elancourt"]
[Date "2005.04.29"]
[Round "8.10"]
[White "Bilquez, Romain"]
[Black "Dominguez, Alain"]
[Result "1/2-1/2"]
[WhiteElo "2001"]
[BlackElo "1920"]
[PlyCount "53"]
[EventDate "2005.04.??"]

1. a3 Nf6 2. e3 c5 3. Nf3 Nc6 4. d4 cxd4 5. exd4 d5 6. Be2 e6 7. O-O Be7 8. c3
a5 9. Re1 O-O 10. a4 b6 11. Bb5 Bd7 12. Bf4 Na7 13. Ba6 Bc8 14. Bd3 Bb7 15. Na3
Rc8 16. Ne5 Nd7 17. Qb1 g6 18. Ng4 Re8 19. Re3 Bg5 20. Bxg5 Qxg5 21. Ne5 Nxe5
22. Rxe5 Qf6 23. Nb5 Nxb5 24. Bxb5 Red8 25. Qd3 Rc7 26. Rae1 Bc6 27. R1e3
1/2-1/2

[Event "Saint Quentin 2005"]
[Site "Elancourt"]
[Date "2005.04.29"]
[Round "8.11"]
[White "Le Scraigne, Eric"]
[Black "Aouizerate, Robert"]
[Result "1/2-1/2"]
[WhiteElo "1740"]
[BlackElo "1989"]
[PlyCount "89"]
[EventDate "2005.04.??"]

1. d4 Nf6 2. Nf3 g6 3. c4 Bg7 4. Nc3 d5 5. Bg5 Ne4 6. Bf4 Nxc3 7. bxc3 O-O 8.
c5 b6 9. cxb6 axb6 10. e3 Nd7 11. Be2 Bb7 12. O-O Re8 13. Qb3 e5 14. Bg3 e4 15.
Nd2 Nf6 16. Rac1 Qe7 17. c4 Ra3 18. Qc2 Rea8 19. Ra1 c5 20. Nb1 cxd4 21. exd4
R3a5 22. Be5 dxc4 23. Bxc4 Rb8 24. Qb3 b5 25. Bxb5 Bd5 26. Bxf6 Bxb3 27. Bxe7
Bxd4 28. Nd2 Bxa1 29. Nxb3 Raxb5 30. Rxa1 f5 31. Bg5 Ra8 32. Bf6 Rb6 33. Bd4
Rba6 34. h3 Rxa2 35. Rxa2 Rxa2 36. Be3 Kg7 37. g4 Ra3 38. Nd4 Kf6 39. gxf5 gxf5
40. Kg2 Ra8 41. Ne2 Rg8+ 42. Kh2 Ke5 43. Nf4 Rf8 44. Kg2 Rf7 45. Kh2 1/2-1/2

[Event "Saint Quentin 2005"]
[Site "Elancourt"]
[Date "2005.04.29"]
[Round "8.12"]
[White "Le Ray, Olivier"]
[Black "Fayolle, Guy"]
[Result "1-0"]
[WhiteElo "1982"]
[BlackElo "1958"]
[PlyCount "59"]
[EventDate "2005.04.??"]

1. e4 e5 2. Nc3 Nf6 3. Bc4 Nxe4 4. Qh5 Nd6 5. Bb3 Nc6 6. Nb5 g6 7. Qf3 Nf5 8.
Qd5 Nh6 9. d4 exd4 10. Bxh6 Qe7+ 11. Kf1 d6 12. Bxf8 Kxf8 13. Nf3 Be6 14. Qg5
f6 15. Qh6+ Kf7 16. Re1 Ne5 17. Nbxd4 Bxb3 18. axb3 c5 19. Nb5 Qd7 20. Nc3 Nxf3
21. gxf3 Qf5 22. Kg2 Qxc2 23. Re7+ Kxe7 24. Qg7+ Ke6 25. Re1+ Kf5 26. Qd7+ Kg5
27. Qg4+ Kh6 28. Qh4+ Kg7 29. Re7+ Kg8 30. Qxf6 1-0

[Event "Saint Quentin 2005"]
[Site "Elancourt"]
[Date "2005.04.29"]
[Round "8.13"]
[White "Collette, Gilles"]
[Black "Criton, Roland"]
[Result "0-1"]
[WhiteElo "1790"]
[BlackElo "2018"]
[PlyCount "78"]
[EventDate "2005.04.??"]

1. e4 c6 2. d4 d5 3. exd5 cxd5 4. Bd3 Nc6 5. c3 Nf6 6. Bf4 Bg4 7. Ne2 e6 8. Qb3
Qd7 9. Ng3 a6 10. Nd2 Be7 11. h3 Nh5 12. Nxh5 Bxh5 13. g4 Bg6 14. Bxg6 hxg6 15.
Qc2 Bd6 16. Bxd6 Qxd6 17. Qd3 O-O-O 18. Qg3 Qxg3 19. fxg3 e5 20. dxe5 Nxe5 21.
Kf1 Nxg4 22. Nf3 Ne3+ 23. Kf2 Nc4 24. b3 Nd6 25. Rac1 f6 26. Kg2 Rhe8 27. Rhe1
Rxe1 28. Rxe1 Re8 29. Rxe8+ Nxe8 30. Nh4 g5 31. Nf5 Kd7 32. Kf3 Ke6 33. Nd4+
Ke5 34. Ke3 Nc7 35. Nf3+ Kd6 36. Nd4 g6 37. g4 Ne6 38. Ne2 Ke5 39. Nd4 Nf4 0-1

[Event "Saint Quentin 2005"]
[Site "Elancourt"]
[Date "2005.04.29"]
[Round "8.14"]
[White "Appavou, Calixte"]
[Black "Francois, Jean"]
[Result "1-0"]
[WhiteElo "1960"]
[BlackElo "1900"]
[PlyCount "123"]
[EventDate "2005.04.??"]

1. e4 e5 2. Bc4 d6 3. c3 Nf6 4. d3 Be7 5. Ne2 Be6 6. Nd2 Bxc4 7. Nxc4 Nc6 8. f4
b5 9. Ne3 exf4 10. Nxf4 Ne5 11. O-O O-O 12. Nf5 c6 13. h3 Ng6 14. Qf3 a5 15. h4
Nxf4 16. Bxf4 Qd7 17. Nxe7+ Qxe7 18. Bg5 Rae8 19. Bxf6 gxf6 20. Qxf6 Qa7+ 21.
Qf2 Qxf2+ 22. Rxf2 Re6 23. Raf1 f6 24. Rf5 Kg7 25. a4 Rb8 26. axb5 Rxb5 27.
Rxb5 cxb5 28. Rf5 Re5 29. Kf2 b4 30. cxb4 axb4 31. Ke3 Re7 32. Rb5 Kg6 33. g4
h6 34. h5+ Kf7 35. Rxb4 d5 36. Rd4 dxe4 37. Rxe4 Rb7 38. b4 Rb5 39. Kd2 Kg7 40.
Kc3 f5 41. Rf4 fxg4 42. Rxg4+ Kf7 43. Rh4 Rg5 44. Kc4 Ke7 45. b5 Kd7 46. Rd4+
Kc7 47. Rd5 Rg1 48. Rf5 Rc1+ 49. Kd4 Kb6 50. Rf6+ Kxb5 51. Rxh6 Rh1 52. Ke5 Rh4
53. d4 Rg4 54. Rg6 Rh4 55. h6 Rh5+ 56. Kd6 Kc4 57. Ke6 Kxd4 58. Kf6 Rd5 59. h7
Rd6+ 60. Kg5 Rd5+ 61. Kg4 Rd8 62. Rg8 1-0

[Event "Saint Quentin 2005"]
[Site "Elancourt"]
[Date "2005.04.29"]
[Round "8.15"]
[White "Habunek, Patrick"]
[Black "Brunel, Eric"]
[Result "1/2-1/2"]
[WhiteElo "1700"]
[BlackElo "1920"]
[PlyCount "91"]
[EventDate "2005.04.??"]

1. e4 d6 2. d4 g6 3. Nc3 Bg7 4. Be3 c6 5. Bc4 b5 6. Bd3 Nf6 7. f3 Nbd7 8. Nge2
O-O 9. O-O Nb6 10. Qe1 Rb8 11. Bc1 a6 12. Nd1 c5 13. dxc5 dxc5 14. e5 Nfd5 15.
f4 e6 16. Ndc3 Bb7 17. Be4 Nb4 18. Qf2 Bxe4 19. Nxe4 Nxc2 20. Rb1 Nd7 21. Nxc5
Nxc5 22. Qxc5 Rc8 23. Qf2 Qd5 24. Nc3 Qd4 25. Qxd4 Nxd4 26. Be3 Nf5 27. Bd2
Rfd8 28. Rfd1 Bf8 29. Be1 Bc5+ 30. Bf2 Bxf2+ 31. Kxf2 Kf8 32. Rxd8+ Rxd8 33.
Rd1 Rxd1 34. Nxd1 Ke7 35. Ke2 f6 36. Kd3 fxe5 37. fxe5 Nh4 38. Ne3 h5 39. g3
Nf3 40. Ke4 Ne1 41. h4 Kd7 42. Nd1 Kc6 43. Kd4 a5 44. Ne3 Nf3+ 45. Ke4 Ne1 46.
Kd4 1/2-1/2

[Event "Saint Quentin 2005"]
[Site "Elancourt"]
[Date "2005.04.29"]
[Round "8.16"]
[White "Szwedkowski, Sylvain"]
[Black "Fischer, Jean-Claude"]
[Result "0-1"]
[WhiteElo "1790"]
[BlackElo "1920"]
[PlyCount "112"]
[EventDate "2005.04.??"]

1. d4 g6 2. c4 Bg7 3. Nc3 Nf6 4. e4 d6 5. Nf3 Bg4 6. Be2 O-O 7. O-O Nbd7 8. Be3
a6 9. h3 Bxf3 10. Bxf3 c6 11. Rc1 Rc8 12. Qd2 Re8 13. Rfd1 Qa5 14. a3 b5 15.
Ne2 Qxd2 16. Rxd2 c5 17. cxb5 axb5 18. Rdc2 c4 19. b3 Nb6 20. bxc4 Rxc4 21. Ng3
Ra4 22. Be2 Nc4 23. Bxc4 bxc4 24. Rxc4 Rxa3 25. d5 h5 26. Nf1 Nd7 27. Rc8 Ra8
28. Rxe8+ Rxe8 29. Rc7 Rd8 30. Bg5 f6 31. Be3 Kf7 32. Nd2 f5 33. Bg5 Bf6 34. h4
Bxg5 35. hxg5 Nc5 36. exf5 gxf5 37. Nf3 Rd7 38. Rxd7 Nxd7 39. Nd4 Kg6 40. Nc6
Kxg5 41. Nxe7 Kf6 42. Nc6 Nb6 43. Nb4 Ke5 44. Nd3+ Kd4 45. Nb4 Nxd5 46. f3 Ke5
47. Nc6+ Kf6 48. Kf2 Ne7 49. Nd4 Ke5 50. Ne2 f4 51. Nc3 d5 52. g3 fxg3+ 53.
Kxg3 Nf5+ 54. Kf2 d4 55. Ne4 h4 56. Nd2 Kf4 0-1

[Event "Saint Quentin 2005"]
[Site "Elancourt"]
[Date "2005.04.29"]
[Round "8.17"]
[White "Branson, James"]
[Black "Scozzesi, Francois"]
[Result "1-0"]
[WhiteElo "1499"]
[BlackElo "2010"]
[PlyCount "107"]
[EventDate "2005.04.??"]

1. e4 e6 2. d4 d5 3. Nc3 Bb4 4. a3 Bxc3+ 5. bxc3 Ne7 6. Qg4 O-O 7. e5 f5 8.
exf6 Rxf6 9. Qe2 c5 10. Nf3 cxd4 11. Nxd4 Nbc6 12. Bg5 Nxd4 13. cxd4 Rf7 14.
Qd2 Qb6 15. Bxe7 Rxe7 16. Be2 e5 17. O-O e4 18. c4 Qg6 19. Qe3 Be6 20. cxd5
Bxd5 21. Qc3 e3 22. f3 Rae8 23. Rfe1 Qg5 24. Bc4 Kh8 25. Bxd5 Qxd5 26. Re2 h6
27. Rf1 Re6 28. Qd3 Rb6 29. Rxe3 Rxe3 30. Qxe3 Re6 31. Qd3 b5 32. Rc1 Rc6 33.
Re1 Re6 34. Rxe6 Qxe6 35. Kf2 Qd5 36. h4 a5 37. Ke3 a4 38. Qc2 Qe6+ 39. Kd2 Qf6
40. Qe4 Qf7 41. d5 b4 42. axb4 a3 43. Kc2 Qa7 44. Kb1 Qa4 45. Qc4 a2+ 46. Qxa2
Qd1+ 47. Kb2 Qd2+ 48. Ka3 Qc3+ 49. Ka4 Qd4 50. Qc2 Qa7+ 51. Kb3 Qa1 52. Qd3 Qa7
53. d6 Qd7 54. Qd5 1-0

[Event "Saint Quentin 2005"]
[Site "Elancourt"]
[Date "2005.04.29"]
[Round "8.18"]
[White "Baron, Romuald"]
[Black "Gahagnon, Jacques"]
[Result "1-0"]
[WhiteElo "1973"]
[BlackElo "1720"]
[PlyCount "97"]
[EventDate "2005.04.??"]

1. d4 Nf6 2. Nf3 g6 3. c4 c5 4. d5 b5 5. cxb5 a6 6. b6 Qxb6 7. Nc3 d6 8. e4 Bg7
9. Be2 O-O 10. O-O Nbd7 11. Nd2 Qc7 12. a4 Bb7 13. a5 e6 14. Nc4 exd5 15. exd5
Rfe8 16. Bf3 Ne5 17. Nxe5 Rxe5 18. Bf4 Ree8 19. Qd2 Rab8 20. Na4 Nd7 21. Rac1
Ba8 22. b4 Ne5 23. Nb6 Qd8 24. Bd1 Bf6 25. Ba4 Re7 26. bxc5 Rxb6 27. cxb6 Bb7
28. Rfe1 h5 29. Bc6 Ba8 30. Bg5 Bxg5 31. Qxg5 Nxc6 32. Rxe7 Qxe7 33. Qxe7 Nxe7
34. Rc7 Kf8 35. b7 Bxb7 36. Rxb7 Nxd5 37. Rd7 Ke8 38. Rxd6 Nc7 39. Kf1 Ke7 40.
Rb6 g5 41. g3 Kd7 42. Rh6 Ne6 43. Rxh5 Kc6 44. h4 gxh4 45. gxh4 Nd4 46. Rh6+
Kb5 47. Rb6+ Kxa5 48. Rd6 Nf5 49. Rd5+ 1-0

[Event "Saint Quentin 2005"]
[Site "Elancourt"]
[Date "2005.04.29"]
[Round "8.19"]
[White "Ferriere, Patrick"]
[Black "Levier, Jean-Francois"]
[Result "1-0"]
[WhiteElo "1720"]
[BlackElo "1700"]
[PlyCount "51"]
[EventDate "2005.04.??"]

1. c4 d6 2. Nc3 e5 3. g3 Be6 4. d3 c6 5. Nf3 h6 6. Bg2 Na6 7. O-O g6 8. Rb1 Bg7
9. b4 Nc7 10. b5 Qc8 11. bxc6 bxc6 12. Nd2 Ne7 13. Nde4 d5 14. Nd6+ Kd7 15.
Nxc8 Rhxc8 16. cxd5 Ncxd5 17. Nxd5 Nxd5 18. Bd2 Rab8 19. Qa4 Nb6 20. Qxa7+ Kd8
21. Rxb6 Ra8 22. Qb7 Bd7 23. Bxc6 Bxc6 24. Rxc6 Rcb8 25. Qxf7 Bh8 26. Rd6+ 1-0

[Event "Saint Quentin 2005"]
[Site "Elancourt"]
[Date "2005.04.29"]
[Round "8.20"]
[White "Rodriguez, Jean-Pierre"]
[Black "Duval, Dominique"]
[Result "1-0"]
[WhiteElo "1650"]
[BlackElo "1630"]
[PlyCount "59"]
[EventDate "2005.04.??"]

1. c4 f5 2. d4 Nf6 3. Nc3 g6 4. Bf4 Bg7 5. Qd2 Nc6 6. Nf3 d6 7. d5 Na5 8. e3 e5
9. dxe6 Bxe6 10. Qc2 O-O 11. Ng5 Bd7 12. Be2 Nc6 13. h3 Nh5 14. Bxh5 gxh5 15.
h4 h6 16. Nf3 Qf6 17. Rh3 Rae8 18. Rg3 Ne5 19. O-O-O Nxc4 20. Nd5 Qxb2+ 21.
Qxb2 Nxb2 22. Bxh6 Nxd1 23. Rxg7+ Kh8 24. Rxd7 Nxf2 25. Bg7+ Kg8 26. Nf6+ Rxf6
27. Bxf6 Nd3+ 28. Kd2 Nb4 29. Ng5 Rxe3 30. Rd8+ 1-0

[Event "Saint Quentin 2005"]
[Site "Elancourt"]
[Date "2005.04.29"]
[Round "8.21"]
[White "Mazaltob, Gerald"]
[Black "Benhamouda, Fabrice"]
[Result "0-1"]
[WhiteElo "1570"]
[BlackElo "1520"]
[PlyCount "98"]
[EventDate "2005.04.??"]

1. d4 d5 2. Nf3 Nf6 3. c4 e6 4. Nc3 Nbd7 5. Bg5 Be7 6. e3 a6 7. Bd3 dxc4 8.
Bxc4 b5 9. Bd3 Bb7 10. O-O h6 11. Bxf6 Nxf6 12. Rc1 Rc8 13. a3 c5 14. dxc5 Bxc5
15. b4 Bd6 16. h3 O-O 17. Re1 Qd7 18. Qe2 Bc6 19. Red1 Rfd8 20. e4 e5 21. Qe1
Qe6 22. Rb1 Rc7 23. Bc2 Kf8 24. Bb3 Qe7 25. Rbc1 Rdc8 26. Qe2 Re8 27. Qe3 Rb8
28. Ne1 Rcc8 29. Nd3 Ba8 30. Ne1 Bc6 31. Nf3 Be8 32. Nh4 Bd7 33. Nd5 Nxd5 34.
Bxd5 Qxh4 35. Qb3 Be6 36. Rc6 Qd8 37. Rxa6 Qc7 38. Rc6 Qd8 39. f3 Rb6 40. Rc3
Ra6 41. Qc2 Bxd5 42. Rxd5 Qb6+ 43. Kf1 Ke7 44. Qc1 Rca8 45. Rd1 Bxb4 46. Rc7+
Kf6 47. Rdd7 Bxa3 48. Rxf7+ Ke6 49. Rce7+ Bxe7 0-1

[Event "Saint Quentin 2005"]
[Site "Elancourt"]
[Date "2005.04.29"]
[Round "8.22"]
[White "Gaillet, Philippe"]
[Black "Marquet, Didier"]
[Result "1-0"]
[WhiteElo "1310"]
[BlackElo "1550"]
[PlyCount "97"]
[EventDate "2005.04.??"]

1. e4 c5 2. Nc3 e6 3. g3 Nc6 4. d3 Be7 5. Bg2 d6 6. Nge2 Nf6 7. O-O O-O 8. f4
Bd7 9. Bd2 a6 10. h3 Rb8 11. Qe1 Nd4 12. Nxd4 cxd4 13. Ne2 e5 14. f5 d5 15. g4
Bc6 16. Ng3 Qb6 17. Rb1 dxe4 18. Nxe4 Nxe4 19. Bxe4 Bxe4 20. Qxe4 f6 21. Kg2
Qc6 22. Qxc6 bxc6 23. b4 Rb7 24. a3 Rfb8 25. Rb3 c5 26. Rfb1 cxb4 27. Bxb4 Bxb4
28. Rxb4 Rxb4 29. Rxb4 Rxb4 30. axb4 Kf7 31. Kf3 Ke8 32. Ke4 Kd7 33. Kd5 g6 34.
fxg6 hxg6 35. h4 Ke7 36. g5 Kf7 37. Kd6 f5 38. Kxe5 Ke7 39. Kxd4 Ke6 40. c3 Kd6
41. c4 Kc6 42. Ke5 Kd7 43. d4 Ke7 44. c5 Kd7 45. d5 Kc7 46. d6+ Kd7 47. b5 axb5
48. h5 f4 49. hxg6 1-0

[Event "Saint Quentin 2005"]
[Site "Elancourt"]
[Date "2005.04.29"]
[Round "8.23"]
[White "Miolane, Leo"]
[Black "Sineux, Sandra"]
[Result "1-0"]
[WhiteElo "1550"]
[BlackElo "1510"]
[PlyCount "115"]
[EventDate "2005.04.??"]

1. e4 e6 2. d4 d5 3. e5 c5 4. c3 Qb6 5. Nf3 Nc6 6. Bd3 Bd7 7. Bc2 Nh6 8. O-O
Nf5 9. Bxf5 exf5 10. Re1 Be7 11. Qb3 Qxb3 12. axb3 cxd4 13. cxd4 O-O 14. Nc3
Be6 15. Be3 Nb4 16. Re2 a6 17. Ng5 h6 18. Nf3 Nd3 19. Rd2 Nb4 20. Na2 Nxa2 21.
Rxa2 Rac8 22. Rd1 g5 23. Rc1 f4 24. Bd2 g4 25. Rxc8 Rxc8 26. Ne1 Bg5 27. Nd3
Rc2 28. Bc3 Bf5 29. Ne1 Rc1 30. Ra5 Be4 31. Rc5 Be7 32. Rc8+ Bf8 33. Rb8 b5 34.
Bb4 Rxe1+ 35. Bxe1 Kg7 36. Rb7 Bf5 37. f3 gxf3 38. gxf3 h5 39. Bd2 Bc8 40. Rc7
Be6 41. Bxf4 Kg6 42. Bd2 Kf5 43. Ra7 f6 44. exf6 Kxf6 45. Rxa6 Kf5 46. Rb6 Bg7
47. Be3 Bd7 48. Rb7 Ke6 49. Kg2 h4 50. Kh3 Bf6 51. Kg4 Kd6+ 52. Kh5 Bd8 53. Bg5
Bxg5 54. Kxg5 h3 55. f4 Kc6 56. Rxd7 Kxd7 57. Kf6 Ke8 58. b4 1-0

[Event "Saint Quentin 2005"]
[Site "Elancourt"]
[Date "2005.04.29"]
[Round "8.24"]
[White "Vallobra, Pierre"]
[Black "Durez, Gerard"]
[Result "1-0"]
[WhiteElo "1360"]
[BlackElo "1530"]
[PlyCount "38"]
[EventDate "2005.04.??"]

1. d4 f5 2. Nc3 Nf6 3. Bg5 e6 4. e4 fxe4 5. Nxe4 Be7 6. Nxf6+ Bxf6 7. Qh5+ g6
8. Bxf6 Qxf6 9. Qd1 O-O 10. Nf3 c5 11. dxc5 Qxb2 12. Bd3 Qc3+ 13. Nd2 Qxc5 14.
O-O b5 15. Ne4 Qc6 16. Qg4 d5 17. Ng5 e5 18. Qh4 Qd7 19. Bxb5 Qg7 1-0

[Event "Saint Quentin 2005"]
[Site "Elancourt"]
[Date "2005.04.29"]
[Round "8.25"]
[White "O Neill, Liam"]
[Black "Dubos, Jean-Luc"]
[Result "1-0"]
[WhiteElo "1360"]
[BlackElo "1430"]
[PlyCount "91"]
[EventDate "2005.04.??"]

1. d4 Nf6 2. c4 g6 3. Nc3 Bg7 4. Nf3 d6 5. e4 O-O 6. Bd3 e5 7. d5 Nbd7 8. O-O
Nc5 9. Qc2 a5 10. Re1 h6 11. Bd2 Nh5 12. Qc1 Kh7 13. a3 f5 14. b4 axb4 15. axb4
Rxa1 16. Qxa1 Nxe4 17. Nxe4 fxe4 18. Bxe4 Bf5 19. Qb1 Qf6 20. Bxf5 gxf5 21. Bc3
Re8 22. g3 Kg8 23. Kg2 Qf7 24. Qc2 f4 25. Qe4 Nf6 26. Qc2 fxg3 27. hxg3 Ng4 28.
Qe4 Nf6 29. Qf5 Rf8 30. Rh1 Qe7 31. Qc2 Rf7 32. Re1 Qf8 33. Bxe5 Ng4 34. Bxg7
Kxg7 35. Qc3+ Kg8 36. Re4 h5 37. Re2 Nh6 38. Ng5 Rf5 39. Ne6 Qe7 40. Qd3 Qf7
41. Nf4 Rg5 42. Re6 Nf5 43. Qe4 h4 44. Re8+ Kh7 45. Rf8 Qd7 46. Ne6 1-0

[Event "Saint Quentin 2005"]
[Site "Elancourt"]
[Date "2005.04.29"]
[Round "8.26"]
[White "Benhamouda, Mathieu"]
[Black "Benchara, Imane"]
[Result "1-0"]
[WhiteElo "1450"]
[BlackElo "1320"]
[PlyCount "143"]
[EventDate "2005.04.??"]

1. Nf3 d5 2. d4 Nf6 3. c4 c6 4. Nc3 Be6 5. Bf4 Nbd7 6. e3 Bf5 7. Nh4 e6 8. Nxf5
exf5 9. Bd3 g6 10. Bg5 Bg7 11. f3 O-O 12. e4 fxe4 13. fxe4 dxe4 14. Nxe4 Qe8
15. Qf3 Rc8 16. O-O Qe7 17. Nxf6+ Nxf6 18. Bxf6 Bxf6 19. Qxf6 Qe3+ 20. Qf2 Qxd3
21. Rac1 Rce8 22. Rfd1 Qf5 23. Qxf5 gxf5 24. Rf1 Re4 25. Rcd1 Re2 26. Rf2 Rxf2
27. Kxf2 Re8 28. d5 cxd5 29. cxd5 Kf8 30. d6 h5 31. Kf3 Rd8 32. Kf4 Kg7 33.
Kxf5 f6 34. d7 Kf7 35. Rd2 a6 36. a3 Ke7 37. Re2+ Kf7 38. Rd2 Ke7 39. b3 b6 40.
g3 Kf7 41. h3 Ke7 42. Rd3 Rxd7 43. Rxd7+ Kxd7 44. Kxf6 Ke8 45. Kg5 Kd7 46. Kxh5
Kc6 47. g4 b5 48. g5 b4 49. axb4 Kb5 50. g6 Kxb4 51. g7 a5 52. g8=Q Ka3 53. Qa8
Kb4 54. Qxa5+ Kxa5 55. Kg6 Kb4 56. h4 Kxb3 57. h5 Kc4 58. h6 Kd5 59. h7 Ke6 60.
h8=Q Kd5 61. Qe8 Kc4 62. Qd7 Kc5 63. Kf6 Kc4 64. Qd6 Kc3 65. Qd5 Kb2 66. Qc4
Kb1 67. Qc3 Ka2 68. Qb4 Ka1 69. Ke5 Ka2 70. Kd4 Ka1 71. Kc3 Ka2 72. Qb2# 1-0

[Event "Saint Quentin 2005"]
[Site "Elancourt"]
[Date "2005.04.29"]
[Round "8.27"]
[White "Salaun, Alexandre"]
[Black "Guillet, Jacques"]
[Result "0-1"]
[WhiteElo "1210"]
[BlackElo "1230"]
[PlyCount "70"]
[EventDate "2005.04.??"]

1. e4 c5 2. Bc4 d6 3. Nc3 Nc6 4. Nf3 Nf6 5. O-O Bg4 6. Bb5 e5 7. d3 h6 8. Qe2
a6 9. Bxc6+ bxc6 10. Qe3 Be7 11. b3 O-O 12. Nd2 Qa5 13. Na4 Qc7 14. h3 Be6 15.
Nf3 Nd7 16. c3 d5 17. d4 dxe4 18. Qxe4 cxd4 19. cxd4 exd4 20. Qxd4 Bf6 21. Qd3
Bxa1 22. Nb2 Ne5 23. Qc3 Nxf3+ 24. Qxf3 Qe5 25. Qxc6 Bxb2 26. Bd2 Rfc8 27. Qb7
Bd5 28. Qb4 Rab8 29. Qg4 Qf6 30. Qf3 Be5 31. Qd3 Bc6 32. g3 Rd8 33. Qc2 Rxd2
34. Qxd2 Qf3 35. Qe3 Qg2# 0-1

[Event "Saint Quentin 2005"]
[Site "Elancourt"]
[Date "2005.04.29"]
[Round "8.28"]
[White "Poudroux, Joel"]
[Black "Benchara, Sara"]
[Result "1-0"]
[WhiteElo "1199"]
[BlackElo "1150"]
[PlyCount "75"]
[EventDate "2005.04.??"]

1. e4 e5 2. Nf3 d6 3. Nc3 Nc6 4. Bc4 Nf6 5. Ng5 Qe7 6. Nxf7 Rg8 7. Ng5 g6 8.
Bxg8 Nxg8 9. d3 Bd7 10. Nd5 Qd8 11. Qf3 Nh6 12. Nxh7 Bf5 13. Bg5 Qd7 14. Nhf6+
Kd8 15. Nxd7+ Kxd7 16. exf5 Nxf5 17. Qh3 Ke6 18. Nxc7+ Kd7 19. Nxa8 Kc8 20. Qh8
Nd8 21. Qxf8 Kd7 22. Qxd8+ Kc6 23. Qc8+ Kd5 24. Qxb7+ Kd4 25. Qxa7+ Kd5 26. c4+
Ke6 27. Nc7+ Kd7 28. Ne8+ Kxe8 29. b4 d5 30. c5 e4 31. g4 Kf8 32. gxf5 gxf5 33.
c6 exd3 34. c7 Kf7 35. c8=Q+ Kg6 36. Qg8+ Kh5 37. Bd2 Kh4 38. Qah7# 1-0

[Event "Saint Quentin 2005"]
[Site "Elancourt"]
[Date "2005.04.30"]
[Round "9.1"]
[White "Sulypa, Alexandre"]
[Black "Baron, Daniel"]
[Result "1/2-1/2"]
[WhiteElo "2480"]
[BlackElo "2134"]
[PlyCount "73"]
[EventDate "2005.04.??"]

1. d4 d5 2. c4 c6 3. Nf3 Nf6 4. Qb3 e6 5. g3 a5 6. Bg2 a4 7. Qc2 b5 8. cxd5
cxd5 9. Bg5 Be7 10. O-O O-O 11. Rc1 Na6 12. Ne5 Bd7 13. Nc6 Bxc6 14. Qxc6 Qa5
15. a3 Rab8 16. Nd2 Rb6 17. Qc2 b4 18. axb4 Rxb4 19. Nf3 Rc4 20. Qd1 Rxc1 21.
Bxc1 Rc8 22. Bd2 Nb4 23. Rxa4 Qb6 24. Bxb4 Bxb4 25. Ne5 g6 26. Ra7 Bd6 27. Nd3
Qc6 28. Ra4 Ne4 29. e3 Qb5 30. Ra1 Be7 31. Bf1 Nd6 32. Rc1 Rb8 33. Rc7 Bf8 34.
Qf3 Qb6 35. Rc5 Nc4 36. b3 Nd2 37. Qd1 1/2-1/2

[Event "Saint Quentin 2005"]
[Site "Elancourt"]
[Date "2005.04.30"]
[Round "9.2"]
[White "Radulov, Ivan"]
[Black "D'Avout d'Averstaedt, Geoffroy"]
[Result "1-0"]
[WhiteElo "2334"]
[BlackElo "2032"]
[PlyCount "68"]
[EventDate "2005.04.??"]

1. Nf3 Nf6 2. g3 g6 3. d4 Bg7 4. Bg2 O-O 5. O-O d6 6. c4 c6 7. Nc3 Qa5 8. d5 c5
9. h3 a6 10. Bd2 Nbd7 11. e4 Ne5 12. Nxe5 dxe5 13. Qe2 Ne8 14. f4 exf4 15. gxf4
Nd6 16. e5 Nf5 17. Ne4 Qd8 18. Qf2 b6 19. b4 cxb4 20. Bxb4 a5 21. Ba3 Ba6 22.
d6 exd6 23. Nxd6 Nxd6 24. Bxd6 Rc8 25. Rfd1 Re8 26. c5 bxc5 27. Bxc5 Qc7 28.
Bd6 Qc2 29. Rd2 Qf5 30. Rad1 Bh6 31. Rd4 Rc2 32. Be4 Rxf2 33. Bxf5 Rxf4 34.
Rxf4 gxf5 1-0

[Event "Saint Quentin 2005"]
[Site "Elancourt"]
[Date "2005.04.30"]
[Round "9.3"]
[White "Gerard, Nicolas"]
[Black "Bogdanov, Emil"]
[Result "1/2-1/2"]
[WhiteElo "2334"]
[BlackElo "2250"]
[Annotator "Sylvain,Rivier"]
[PlyCount "33"]
[EventDate "2005.04.??"]

1. d4 Nf6 2. c4 e6 3. Nc3 Bb4 4. e3 O-O 5. Nge2 d5 6. a3 Be7 7. Ng3 Re8 8. cxd5
exd5 9. Bd3 c6 10. O-O Bd6 11. Nf5 Bc7 12. Qf3 Nbd7 13. Rd1 Nf8 14. e4 dxe4 15.
Nxe4 Nxe4 16. Bxe4 Ng6 17. g3 {suite illisible} 1/2-1/2